<?xml version="1.0" encoding="UTF-8"?>
<collection xmlns="http://www.loc.gov/MARC21/slim">
  <record>
    <leader>00000nam  2200000   4500</leader>
    <controlfield tag="001">INLIS000000000000471</controlfield>
    <controlfield tag="005">20190507092548</controlfield>
    <datafield tag="035" ind1="#" ind2="#">
      <subfield code="a">0010-0718000471</subfield>
    </datafield>
    <controlfield tag="008">190507################g##########0#ind##</controlfield>
    <datafield tag="020" ind1="#" ind2="#">
      <subfield code="a">9789790614055</subfield>
    </datafield>
    <datafield tag="041" ind1=" " ind2=" ">
      <subfield code="a">id</subfield>
    </datafield>
    <datafield tag="082" ind1="#" ind2="#">
      <subfield code="a">658.403</subfield>
    </datafield>
    <datafield tag="090" ind1=" " ind2=" ">
      <subfield code="a">658.403 8 Bas s</subfield>
    </datafield>
    <datafield tag="100" ind1=" " ind2="#">
      <subfield code="a">Bastian, Indra</subfield>
    </datafield>
    <datafield tag="245" ind1="1" ind2="#">
      <subfield code="a">Sistem Pengendalian Manajemen Sektor Publik: Mempertahankan Kepentingan Masyarakat /</subfield>
      <subfield code="c">Indra Bastian</subfield>
    </datafield>
    <datafield tag="250" ind1="#" ind2="#">
      <subfield code="a">ed.1</subfield>
    </datafield>
    <datafield tag="260" ind1="#" ind2="#">
      <subfield code="a">Jakarta :</subfield>
      <subfield code="b">Salemba Empat,</subfield>
      <subfield code="c">2014</subfield>
    </datafield>
    <datafield tag="300" ind1="#" ind2="#">
      <subfield code="a">xxx, 268 hlm. :</subfield>
      <subfield code="b">ilus ;</subfield>
      <subfield code="c">26 cm</subfield>
    </datafield>
    <datafield tag="650" ind1=" " ind2="#">
      <subfield code="a">Pengendalian Manajemen</subfield>
    </datafield>
    <datafield tag="084" ind1="#" ind2="#">
      <subfield code="a">658.403 Bas s</subfield>
    </datafield>
    <datafield tag="520" ind1="#" ind2="#">
      <subfield code="a">Sistem pengendalian manajemen sektor publik dibutuhkan untuk menghasilkan informasi yang berguna bagi pengambilan keputusan dan sebagai alat pertanggungjawaban. Hal ini berlaku tidak hanya di sektor swasta melainkan juga disektor publik. Istilah sektor publik sendiri memiliki pengertian yang bermacam-macam. Hal tersebut merupakan konsekuensi dari luasnya wilayah publik. Oleh karena itu, setiap disiplin ilmu memiliki cara pandang dan definisi yang berbeda-beda. Dari sudut pandang ekonomi, sektor publik dan dapat dipahami sebagai suatu entitas yang aktivitasnya berhubungan dengan usaha untuk menghasilkan barang dan pelayanan publik dalam rangka memenuhi kebutuhan dan hak publik. Didalam struktur organisasi masyarakat, terdapat fungsi pengendalian amanajemen dan jaringan kelompok orangnyang bekerja berdasarkan tujuan orgaisasi (responsibility centers). Pusat tanggung jawabnya dipimpin  oleh manajer, yang bertanggung jawab pada kegiatan anggotanya. Hubungan antar pusat tanggung jawab inilah yang disebut struktur pengendalian manajemen (management control system). Pembahasan materi pengendalian manajemen sektor publik dalam buku in tidak hanya ditujukan terhadap pengelolaan anggaran tetapi juga fokus pada pencapaian kesejahteraan masyarakat.</subfield>
    </datafield>
    <datafield tag="856" ind1="#" ind2="#">
      <subfield code="a">Perpustakaan Lembaga Administrasi Negara</subfield>
    </datafield>
    <datafield tag="990" ind1="#" ind2="#">
      <subfield code="a">141217149</subfield>
    </datafield>
    <datafield tag="990" ind1="#" ind2="#">
      <subfield code="a">141217149</subfield>
    </datafield>
    <datafield tag="990" ind1="#" ind2="#">
      <subfield code="a">141217150</subfield>
    </datafield>
  </record>
</collection>
